000 00319nam a2200133Ia 4500
008 160105s9999 xx 000 0 und d
245 _aLarousse environnement et écologie
260 _aParis
260 _bLarousse
260 _c1992
942 _c09
994 _a124589
999 _c23833
_d51831